Jeevanar bichitra rang (Record no. 3298)

MARC details
000 -LEADER
fixed length control field 00570cam a2200205ua 4500
001 - CONTROL NUMBER
control field 3457
005 - DATE AND TIME OF LATEST TRANSACTION
control field 20260515113659.0
008 - FIXED-LENGTH DATA ELEMENTS--GENERAL INFORMATION
fixed length control field 111116n ii |||gr||||Z||||||asm
040 ## - CATALOGING SOURCE
Transcribing agency MAIN
082 ## - DEWEY DECIMAL CLASSIFICATION NUMBER
Classification number 891.4513
100 ## - MAIN ENTRY--PERSONAL NAME
Personal name Bezborah, Nirajana Mahanta,
Relator term Edited.,
245 11 - TITLE STATEMENT
Title Jeevanar bichitra rang
Statement of responsibility, etc. ed. by Nirajana Mahanta Bezbora
250 ## - EDITION STATEMENT
Edition statement 1st.
260 ## - PUBLICATION, DISTRIBUTION, ETC.
Place of publication, distribution, etc. Dibrugarh:
Name of publisher, distributor, etc. Kaustubh Printers,
Date of publication, distribution, etc. 2005.
300 ## - PHYSICAL DESCRIPTION
Extent 209p:
Dimensions 23cm.
653 ## - INDEX TERM--UNCONTROLLED
Uncontrolled term Assamese novel
653 ## - INDEX TERM--UNCONTROLLED
Uncontrolled term Jeevanar bichitra rang
700 ## - ADDED ENTRY--PERSONAL NAME
Personal name Choudhury, Subasana Mahanta,
Relator term Edited.
942 ## - ADDED ENTRY ELEMENTS (KOHA)
Koha item type Books
Holdings
Withdrawn status Lost status Damaged status Not for loan Home library Current library Shelving location Date acquired Total checkouts Full call number Barcode Date last seen Copy number Price effective from Koha item type
        Naharkatiya College Library Naharkatiya College Library General stacks 09/19/2020   891.4513 | JEE 19060 09/19/2020 1 09/19/2020 Books